| 000 | 00600nam a2200193Ia 4500 | ||
|---|---|---|---|
| 003 | OSt | ||
| 005 | 20251010140629.0 | ||
| 008 | 220926b |||||||| |||| 00| 0 eng d | ||
| 037 | _cReference | ||
| 040 |
_aRTL _cRTL _beng |
||
| 041 |
_2eng _aeng |
||
| 084 |
_aV5:1745, M8/SC _qRTL |
||
| 100 |
_aMikhin, V. _9373890 |
||
| 245 | 0 | _aWestern expansionism in the Persian Gulf | |
| 260 |
_aAhmedabad _bAllied pub. _c1988 |
||
| 300 |
_a172 p. _ccm. _bIncludes bibliographical references and index. |
||
| 942 |
_hV5:1745G, M8/SC _cREF _2CC _n0 |
||
| 999 |
_c693594 _d693594 |
||